| 000 | 00439nam a22001697a 4500 | ||
|---|---|---|---|
| 005 | 20180223122609.0 | ||
| 008 | 160601b xxu||||| |||| 00| 0 eng d | ||
| 020 | _a981-240-624-7 | ||
| 041 | _aeng | ||
| 082 |
_b6681 _a303.34 |
||
| 100 |
_aSjostrand, Seven-Erik and others _94157 |
||
| 245 | _aInvisible Management:the social construction of leadership | ||
| 260 | _bThomson | ||
| 300 | _a255 | ||
| 650 |
_aManagement _9241 |
||
| 942 | _cBK | ||
| 999 |
_c2326 _d2325 |
||